La cuestion de los daǫs morales

Bibliographic Details
Main Author: Ferrer Vicente, Jos ̌Mara̕
Format: Unknown
Language:Spanish
Published: [Valencia] : Revista General de Derecho, 2004
Subjects:
Online Access:Acceso restringido

MARC

LEADER 00000ny a22000003n 4500
005 20110525110351.0
008 080617s2004 sp s 000 0 spa c
020 |a 8495382326 
035 |a 552 
040 |a UMA.RE  |d vLex 
080 |a 347.426(0.034) 
090 |c 258  |d 258 
100 1 |a Ferrer Vicente, Jos ̌Mara̕ 
245 1 3 |a La cuestion de los daǫs morales  |h [Recurso electrn̤ico]  |c Jos ̌Mara̕ Ferrer Vicente 
256 |a Servicio en ln̕ea 
260 |a [Valencia] :  |b Revista General de Derecho,  |c 2004 
506 1 |a Contenido solo disponible en los productos indicados  |d vLex Global  |d vLex Global (Academic Edition, excluding Law Schools)  |d vLex Global (U.S. Academic Edition, Law Schools)  |d vLex Global (U.S. Academic Edition, excluding Law Schools)  |d vLex Global (Academic Edition, Law Schools) 
650 0 7 |a Daǫs personales  |2 Tesauro vLex 
650 0 7 |a Civil  |2 Tesauro vLex 
650 0 7 |a Daǫs y perjuicios  |2 Tesauro vLex 
650 0 7 |a Daǫs morales  |2 Tesauro vLex 
740 0 |a vLex Libros (Servicios en ln̕ea) 
856 4 0 |u http://vlex.com/source/552  |z Acceso restringido 
942 |c BOOK 
999 0 |a Liability (Law)  |b Spain